[Event "Perm op-A 10"]
[Site "Perm"]
[Date "2008.10.??"]
[Round "2"]
[White "Gavrilov, Andrei"]
[Black "Kozlov, Vladimir"]
[Result "0-1"]
[WhiteElo "2201"]
[BlackElo "2133"]
[PlyCount "60"]
[EventDate "2008.10.15"]
[EventType "swiss"]
[EventRounds "8"]
[EventCountry "RUS"]
[SourceTitle "EXT 2022"]
[Source "ChessBase"]
[SourceDate "2021.10.06"]
[SourceVersion "1"]
[SourceVersionDate "2021.10.06"]
[SourceQuality "1"]

1. e4 d6 2. d4 g6 3. c4 Bg7 4. Nc3 e6 5. Nf3 Ne7 6. Bg5 a6 7. Qd2 Bd7 8. Be2 h6 9. Be3 g5 10. g4 f5 11. gxf5 exf5 12. d5 Ng6 13. exf5 Bxf5 14. Nd4 Qf6 15. Nxf5 Qxf5 16. Bd3 Qf7 17. 0-0-0 Nd7 18. Qc2 Ne7 19. Ne4 0-0-0 20. c5 Nxc5 21. Nxc5 dxc5 22. Qxc5 Rxd5 23. Qa7 Nc6 24. Qa8+ Kd7 25. Qxb7 Rb8 26. Qxa6 Bxb2+ 27. Kd2 Bd4 28. Qc4 Bxe3+ 29. Kxe3 Re8+ 30. Kd2 Qxf2+ 0-1

[Event "Perm op-A 10"]
[Site "Perm"]
[Date "2008.10.??"]
[Round "5"]
[White "Gavrilov, Andrei"]
[Black "Matveeva, Olga"]
[Result "0-1"]
[WhiteElo "2201"]
[BlackElo "2192"]
[PlyCount "51"]
[EventDate "2008.10.15"]
[EventType "swiss"]
[EventRounds "8"]
[EventCountry "RUS"]
[SourceTitle "EXT 2022"]
[Source "ChessBase"]
[SourceDate "2021.10.06"]
[SourceVersion "1"]
[SourceVersionDate "2021.10.06"]
[SourceQuality "1"]

1. e4 d5 2. d4 dxe4 3. Nc3 e5 4. dxe5 Qxd1+ 5. Kxd1 Bg4+ 6. Be2 Bxe2+ 7. Kxe2 Nc6 8. Nxe4 Nxe5 9. Nf3 Nxf3 10. Kxf3 0-0-0 11. Bg5 f6 12. Be3 Ne7 13. Rad1 Nd5 14. Bd4 Be7 15. a3 Rhe8 16. Rhe1 h5 17. h3 g5 18. g3 f5 19. Nc5 Bxc5 20. Rxe8 Rxe8 21. Bxc5 g4+ 22. Kg2 Rd8 23. Re1 Nb6 24. Be7 Re8 25. Bb4 Rxe1 26. Bxe1 0-1

[Event "Perm op 09"]
[Site "Perm"]
[Date "2008.09.18"]
[Round "8"]
[White "Gavrilov, Andrei"]
[Black "Matveeva, Olga"]
[Result "1-0"]
[WhiteElo "2201"]
[BlackElo "2193"]
[PlyCount "33"]
[EventDate "2008.09.09"]
[EventType "swiss"]
[EventRounds "9"]
[EventCountry "RUS"]
[SourceTitle "EXT 2022"]
[Source "ChessBase"]
[SourceDate "2021.10.06"]
[SourceVersion "1"]
[SourceVersionDate "2021.10.06"]
[SourceQuality "1"]

1. e4 d5 2. d4 dxe4 3. Nc3 Nc6 4. d5 Ne5 5. Qd4 Ng6 6. Be3 e5 7. dxe6 Bxe6 8. Qxe4 c6 9. Nf3 Nf6 10. Qa4 Qc7 11. Nd4 Bd5 12. 0-0-0 Be7 13. Ndb5 Qe5 14. Nxd5 Nxd5 15. Rxd5 cxd5 16. Nc7+ Kf8 17. Nxa8 1-0

[Event "Sukhumi op"]
[Site "Sukhumi"]
[Date "2008.08.05"]
[Round "4"]
[White "Li, Sergey"]
[Black "Gavrilov, Andrei"]
[Result "0-1"]
[WhiteElo "2117"]
[BlackElo "2201"]
[PlyCount "62"]
[EventDate "2008.08.03"]
[EventType "swiss"]
[EventRounds "9"]
[EventCountry "GEO"]
[SourceTitle "CBM 126 Extra"]
[Source "ChessBase"]
[SourceDate "2008.11.05"]
[SourceVersion "1"]
[SourceVersionDate "2008.11.05"]
[SourceQuality "1"]

1. e4 e5 2. Nf3 Nc6 3. Bb5 Bc5 4. 0-0 Nf6 5. d3 Nd4 6. Nxd4 Bxd4 7. c3 Bb6 8. Bg5 c6 9. Ba4 h6 10. Bh4 d6 11. Nd2 g5 12. Bg3 h5 13. h4 Ng4 14. Nf3 f6 15. d4 Qe7 16. Qd2 Bd7 17. b4 0-0-0 18. Bb3 exd4 19. cxd4 Qxe4 20. hxg5 h4 21. Bxd6 h3 22. Bc2 Qd5 23. Bg3 hxg2 24. Kxg2 Ne5 25. Bxe5 Bh3+ 26. Kg3 fxe5 27. Rh1 Bc7 28. Nh4 exd4+ 29. f4 Qxg5+ 30. Kf3 Qg4+ 31. Ke4 Qxh4 0-1

[Event "RUS-Cup9"]
[Site "Novgorod"]
[Date "1997.06.22"]
[Round "9"]
[White "Gavrilov, Andrei"]
[Black "Yevseev, Denis"]
[Result "1-0"]
[WhiteElo "2230"]
[BlackElo "2370"]
[PlyCount "125"]
[EventDate "1997.06.11"]
[EventType "swiss"]
[EventRounds "9"]
[EventCountry "RUS"]
[SourceTitle "CBM 060"]
[Source "ChessBase"]
[SourceDate "1997.09.29"]
[SourceVersion "1"]
[SourceVersionDate "1997.09.29"]
[SourceQuality "1"]

1. e4 c6 2. c4 d5 3. cxd5 cxd5 4. exd5 Nf6 5. Nc3 Nxd5 6. Bc4 Nxc3 7. bxc3 g6 8. Qb3 e6 9. Nf3 Nc6 10. d4 a6 11. Be2 Bg7 12. Ba3 Ne7 13. 0-0 0-0 14. Bc5 Re8 15. a4 Nd5 16. Bc4 Qc7 17. Rfe1 Bd7 18. Bxd5 exd5 19. Qxd5 Bc6 20. Qd6 Qa5 21. Bb4 Qf5 22. Rxe8+ Rxe8 23. Re1 Rxe1+ 24. Nxe1 h6 25. a5 Bd5 26. Qc5 Qe6 27. Qe7 Qc6 28. h3 Kh7 29. Qc5 Qe6 30. Qe7 Qc6 31. Qd6 Qc4 32. Nc2 Be4 33. Ne3 Qa2 34. Qf4 Bc6 35. Kh2 Qb3 36. Qd6 Be4 37. f3 Bd3 38. Qd7 Qe6 39. Qe7 Kg8 40. Qxe6 fxe6 41. Ng4 Bc4 42. Kg3 h5 43. Ne3 Bd3 44. Nd1 Bc4 45. Nb2 Bb5 46. Bc5 Kf7 47. c4 Bc6 48. Nd3 Ba4 49. Nf2 Bb3 50. Ne4 Bh6 51. f4 Ke8 52. Kf3 Kd7 53. Nd2 Bd1+ 54. Ke4 Bc2+ 55. Kf3 Bd1+ 56. Ke3 g5 57. fxg5 Bxg5+ 58. Kd3 Kc6 59. Nf3 Bf6 60. Bb6 Kd6 61. Nd2 Kc6 62. Ne4 Bg7 63. Nc5 1-0

[Event "RUS-Cup4"]
[Site "Perm"]
[Date "1997.02.10"]
[Round "3"]
[White "Kalegin, Evgenij"]
[Black "Gavrilov, Andrei"]
[Result "1/2-1/2"]
[WhiteElo "2485"]
[BlackElo "2230"]
[PlyCount "86"]
[EventDate "1997.02.02"]
[EventType "swiss"]
[EventRounds "9"]
[EventCountry "RUS"]
[SourceTitle "CBM 058"]
[Source "ChessBase"]
[SourceDate "1997.06.01"]
[SourceVersion "1"]
[SourceVersionDate "1997.06.01"]
[SourceQuality "1"]

1. e4 e5 2. Nf3 Nc6 3. Bb5 Bc5 4. c3 f5 5. d4 fxe4 6. Nxe5 Nxe5 7. dxe5 c6 8. Bc4 e3 9. Bxe3 Bxe3 10. Qf3 Qh4 11. Bxg8 Bxf2+ 12. Qxf2 Qxf2+ 13. Kxf2 Rxg8 14. Nd2 Ke7 15. Rhe1 b6 16. b3 c5 17. Rad1 Bb7 18. Nc4 Raf8+ 19. Kg1 Rf4 20. Rd2 Rgf8 21. h3 g5 22. Red1 Bc6 23. Ne3 Ke6 24. Rd6+ Kxe5 25. Nc4+ Rxc4 26. bxc4 Rf4 27. R6d2 Rxc4 28. Re1+ Re4 29. Kf2 h5 30. Rxe4+ Kxe4 31. Rd6 h4 32. g4 hxg3+ 33. Kxg3 Kf5 34. Kf2 b5 35. a3 a5 36. Ke3 a4 37. Rd1 Kg6 38. Rd6+ Kf5 39. Rd1 Kg6 40. Rd6+ Kh5 41. Kf2 g4 42. hxg4+ Kxg4 43. Ke3 Kf5 1/2-1/2

[Event "RUS-Cup9"]
[Site "Novgorod"]
[Date "1997.??.??"]
[Round "5"]
[White "Gavrilov, Andrei"]
[Black "Pavlov, Aleksandr"]
[Result "1/2-1/2"]
[WhiteElo "2230"]
[BlackElo "2225"]
[PlyCount "115"]
[EventDate "1997.06.11"]
[EventType "swiss"]
[EventRounds "9"]
[EventCountry "RUS"]
[SourceTitle "CBM 060"]
[Source "ChessBase"]
[SourceDate "1997.09.29"]
[SourceVersion "1"]
[SourceVersionDate "1997.09.29"]
[SourceQuality "1"]

1. Nf3 Nf6 2. d4 e6 3. c4 b6 4. g3 Ba6 5. b3 Bb4+ 6. Bd2 Be7 7. Bg2 c6 8. Bc3 Ne4 9. Bb2 d5 10. Nbd2 Nxd2 11. Nxd2 Nd7 12. 0-0 b5 13. Qc2 0-0 14. c5 b4 15. Rfe1 f5 16. a3 bxa3 17. Rxa3 Qc8 18. e3 Qb7 19. Rea1 Bb5 20. Nb1 a6 21. Nc3 Nf6 22. f3 g5 23. Bc1 g4 24. f4 Rfb8 25. Bd2 Bd8 26. Nxb5 axb5 27. Qa2 Rxa3 28. Qxa3 Qc8 29. Qa6 Rb7 30. Ba5 Bxa5 31. Rxa5 Kf7 32. Qa8 Rb8 33. Qa6 Rb7 34. Ra2 Kg6 35. Qa5 Rb8 36. Kf2 h5 37. Ke2 Rb7 38. Kd2 Rb8 39. Qa6 Rb7 40. Qa8 Rb8 41. Qa6 Qc7 42. Qa7 Rb7 43. Qa8 h4 44. gxh4 Rb8 45. Qa7 Qxa7 46. Rxa7 Rh8 47. Re7 Rxh4 48. Ke2 Rxh2 49. Kf1 Rh7 50. Rxe6 Rc7 51. Ke2 Kf7 52. Re5 Ra7 53. Rxf5 Ra2+ 54. Kf1 Ra1+ 55. Kf2 Ra2+ 56. Kf1 Ra1+ 57. Kf2 Ra2+ 58. Kf1 1/2-1/2